000 00497nam a2200181Ia 4500
005 20250508162100.0
008 008 250505s9999 xx 000 0 eng d
037 _aTextual
040 _aFEDL
_beng
_cFEDL
041 _aeng
_2eng
084 _a160, QUI
_qFEDL
100 _aQuine Willard Van Orman
245 0 _aMethods of logic
260 _aLondon, UK
_bRoutledge and Kegan Paul Limited
_c1952
300 _axvii,271p.
942 _cTEXL
_h160, QUI
999 _c1374270
_d1374270